000 00693cam a22002053a 4500
001 43378
003 PGUSA
005 20140828084004.0
008 130801s2013||||xxu|||||s|||||000 | eng d
040 _aPGUSA
_beng
042 _adc
100 1 _aScott, Charles Rochfort,
_d1790-1872
245 1 0 _aExcursions in the mountains of Ronda and Granada, with characteristic sketches of the inhabitants of southern Spain, vol. 1/2
_h[electronic resource] /
_cCharles Rochfort Scott
260 _bProject Gutenberg,
_c2013
506 _aPublic domain in the USA.
516 _aElectronic text
830 0 _aProject Gutenberg
_v43378
856 4 0 _uhttp://www.gutenberg.org/ebooks/43378
942 _cEB
999 _c272629
_d272629